Normal view
MARC view
- كرة القدم - تخطيط - رياضة
Entry Topical Term
001 - CONTROL NUMBER
- control field: 20008
003 - CONTROL NUMBER IDENTIFIER
- control field: JO-AjAnu
005 - DATE AND TIME OF LATEST TRANSACTION
- control field: 20230606073504.0
008 - FIXED-LENGTH DATA ELEMENTS
- fixed length control field: 230606|| aca||aabn | a|a d
040 ## - CATALOGING SOURCE
- Original cataloging agency: JO-AjAnu
- Transcribing agency: JO-AjAnu
150 ## - HEADING--TOPICAL TERM
- Topical term or geographic name entry element: كرة القدم - تخطيط - رياضة
670 ## - SOURCE DATA FOUND
- Source citation: Work cat.: (JO-AjAnu)10273: ابو العنيين، محمود، م.مشارك ابراهيم، مفتي, author 20007, تخطيط برامج إعداد لاعبي كرة القدم